[Event "DEM U18 2019"]
[Site "Willingen GER"]
[Date "2019.06.09"]
[Round "1"]
[White "Runte, Moritz"]
[Black "Browning, Alex"]
[Result "0-1"]
[Termination "normal"]
[Board "10"]
[WhiteElo "2096"]
[BlackElo "2304"]
[WhiteClock "00:24:03"]
[BlackClock "00:33:38"]
[PlyCount "92"]
[WhiteFideId "12991449"]
[BlackFideId "12984019"]
[EventCountry "GER"]
[EventRounds "9"]
[EventType "swiss"]
[EventDate "2019.06.08"]

1. d4 {[%clk 1:30:56]} 1... Nf6 {[%clk 1:30:53]} 2. Nf3 {[%clk 1:31:16]} 2...
g6 {[%clk 1:31:16]} 3. Bg5 {[%clk 1:31:33]} 3... Bg7 {[%clk 1:29:30]} 4. Nbd2 {
[%clk 1:31:52]} 4... d5 {[%clk 1:28:32]} 5. e3 {[%clk 1:29:00]} 5... O-O {
[%clk 1:28:16]} 6. c3 {[%clk 1:29:08]} 6... c5 {[%clk 1:22:44]} 7. Bd3 { [%clk
1:24:15]} 7... b6 {[%clk 1:17:39]} 8. a4 {[%clk 1:20:48]} 8... Nbd7 { [%clk
1:11:34]} 9. b4 {[%clk 1:15:42]} 9... a5 {[%clk 0:56:57]} 10. bxc5 { [%clk
1:10:12]} 10... bxc5 {[%clk 0:56:09]} 11. O-O {[%clk 1:05:07]} 11... Bb7 {[%clk
0:47:42]} 12. Rb1 {[%clk 0:54:49]} 12... Ra7 {[%clk 0:47:25]} 13. Bc2 { [%clk
0:46:54]} 13... Re8 {[%clk 0:42:27]} 14. Re1 {[%clk 0:37:22]} 14... Qa8 { [%clk
0:42:07]} 15. Qe2 {[%clk 0:28:15]} 15... e5 {[%clk 0:31:35]} 16. dxc5 { [%clk
0:24:11]} 16... Nxc5 {[%clk 0:30:51]} 17. Bxf6 {[%clk 0:18:29]} 17... Bxf6
{[%clk 0:28:20]} 18. Qb5 {[%clk 0:18:03]} 18... Rc8 {[%clk 0:26:12]} 19. c4
{[%clk 0:10:13]} 19... Ne6 {[%clk 0:22:21]} 20. cxd5 {[%clk 0:08:54]} 20...
Bxd5 {[%clk 0:19:52]} 21. Bb3 {[%clk 0:08:40]} 21... Bc6 {[%clk 0:19:06]} 22.
Qf1 {[%clk 0:06:21]} 22... Re8 {[%clk 0:13:05]} 23. Rec1 {[%clk 0:05:29]} 23...
Rd8 {[%clk 0:08:23]} 24. Bxe6 {[%clk 0:03:56]} 24... fxe6 {[%clk 0:08:01]} 25.
Rb6 {[%clk 0:03:22]} 25... Rc8 {[%clk 0:07:33]} 26. Qd1 {[%clk 0:01:37]} 26...
Rac7 {[%clk 0:07:25]} 27. Rcb1 {[%clk 0:01:25]} 27... e4 {[%clk 0:04:24]} 28.
Nd4 {[%clk 0:01:07]} 28... Bxd4 {[%clk 0:04:48]} 29. exd4 {[%clk 0:01:33]}
29... e3 {[%clk 0:04:28]} 30. fxe3 {[%clk 0:01:41]} 30... Bxg2 {[%clk 0:04:54]}
31. Qg4 {[%clk 0:01:34]} 31... Rc1+ {[%clk 0:02:12]} 32. Rxc1 {[%clk 0:02:00]}
32... Rxc1+ 33. Kf2 {[%clk 0:02:10]} 33... Bd5 {[%clk 0:02:39]} 34. e4 { [%clk
0:01:45]} 34... Qf8+ {[%clk 0:02:56]} 35. Ke2 {[%clk 0:01:12]} 35... Bc4+
{[%clk 0:02:31]} 36. Nxc4 {[%clk 0:01:13]} 36... Qf1+ {[%clk 0:02:57]} 37. Ke3
{[%clk 0:00:55]} 37... Rc3+ {[%clk 0:02:30]} 38. Kd2 {[%clk 0:01:19]} 38...
Qd3+ {[%clk 0:02:20]} 39. Ke1 {[%clk 0:01:39]} 39... Rc1+ {[%clk 0:01:55]} 40.
Kf2 {[%clk 0:02:02]} 40... Rc2+ {[%clk 0:02:17]} 41. Ke1 {[%clk 0:30:17]} 41...
Qc3+ {[%clk 0:32:36]} 42. Kd1 {[%clk 0:29:27]} 42... Rc1+ {[%clk 0:32:56]} 43.
Ke2 {[%clk 0:29:51]} 43... Qxc4+ {[%clk 0:33:13]} 44. Kf3 {[%clk 0:25:58]}
44... Qc3+ {[%clk 0:32:45]} 45. Kg2 {[%clk 0:24:00]} 45... Rc2+ {[%clk 0:33:11]
} 46. Kf1 {[%clk 0:24:03]} 46... Qa1+ {[%clk 0:33:38]} 0-1

[Event "DEM U18 2019"]
[Site "Willingen GER"]
[Date "2019.06.09"]
[Round "1"]
[White "Vuckovic, Zarko"]
[Black "Lange, Jannis"]
[Result "1-0"]
[Termination "normal"]
[Board "11"]
[WhiteElo "2132"]
[BlackElo "2024"]
[WhiteClock "01:17:16"]
[BlackClock "00:37:04"]
[PlyCount "47"]
[WhiteFideId "12952087"]
[BlackFideId "12993107"]
[EventCountry "GER"]
[EventRounds "9"]
[EventType "swiss"]
[EventDate "2019.06.08"]

1. e4 {[%clk 1:30:58]} 1... c5 {[%clk 1:30:53]} 2. Nc3 {[%clk 1:31:24]} 2...
Nc6 {[%clk 1:31:16]} 3. g3 {[%clk 1:31:37]} 3... g6 {[%clk 1:31:35]} 4. d3 {
[%clk 1:32:05]} 4... Bg7 {[%clk 1:31:54]} 5. Be3 {[%clk 1:32:32]} 5... d6 {
[%clk 1:32:17]} 6. Qd2 {[%clk 1:33:00]} 6... Rb8 {[%clk 1:32:01]} 7. Bg2 {
[%clk 1:33:24]} 7... b5 {[%clk 1:31:57]} 8. f4 {[%clk 1:33:48]} 8... b4 { [%clk
1:31:39]} 9. Nd1 {[%clk 1:34:16]} 9... e6 {[%clk 1:30:38]} 10. Nf3 { [%clk
1:34:09]} 10... Nd4 {[%clk 1:30:13]} 11. O-O {[%clk 1:32:05]} 11... Ne7 { [%clk
1:29:16]} 12. Nh4 {[%clk 1:31:03]} 12... O-O {[%clk 1:25:27]} 13. c3 { [%clk
1:28:01]} 13... bxc3 {[%clk 1:24:50]} 14. bxc3 {[%clk 1:28:24]} 14... Ndc6
{[%clk 1:25:15]} 15. f5 {[%clk 1:27:15]} 15... exf5 {[%clk 1:17:32]} 16. exf5
{[%clk 1:27:35]} 16... gxf5 {[%clk 1:16:42]} 17. Bg5 {[%clk 1:27:06]} 17... Qa5
{[%clk 1:04:23]} 18. Bxc6 {[%clk 1:17:31]} 18... Nxc6 {[%clk 1:04:47] } 19. Bh6
{[%clk 1:17:56]} 19... Ne7 {[%clk 0:54:29]} 20. Bxg7 {[%clk 1:17:34]} 20...
Kxg7 {[%clk 0:54:51]} 21. Qg5+ {[%clk 1:17:47]} 21... Ng6 {[%clk 0:55:14] } 22.
Ne3 {[%clk 1:18:08]} 22... Qxc3 {[%clk 0:42:03]} 23. Nexf5+ { [%clk 1:18:08]}
23... Kh8 {[%clk 0:37:04]} 24. d4 {[%clk 1:17:16]} 1-0

[Event "DEM U18 2019"]
[Site "Willingen GER"]
[Date "2019.06.09"]
[Round "1"]
[White "Knödler, Marcel"]
[Black "Mätzkow, Maximilian Paul"]
[Result "0-1"]
[Termination "normal"]
[Board "12"]
[BlackTitle "FM"]
[WhiteElo "1633"]
[BlackElo "2338"]
[WhiteClock "00:03:58"]
[BlackClock "00:06:18"]
[PlyCount "56"]
[WhiteFideId "12976202"]
[BlackFideId "24679933"]
[EventCountry "GER"]
[EventRounds "9"]
[EventType "swiss"]
[EventDate "2019.06.08"]

1. c4 {[%clk 1:30:58]} 1... c5 {[%clk 1:30:54]} 2. g3 {[%clk 1:31:23]} 2... Nc6
{[%clk 1:30:27]} 3. Bg2 {[%clk 1:31:33]} 3... g6 {[%clk 1:30:40]} 4. Nc3 {
[%clk 1:31:42]} 4... Bg7 {[%clk 1:31:02]} 5. d3 {[%clk 1:31:43]} 5... e6 {
[%clk 1:29:50]} 6. e3 {[%clk 1:30:09]} 6... Nge7 {[%clk 1:29:31]} 7. Nge2 {
[%clk 1:29:56]} 7... O-O {[%clk 1:29:51]} 8. O-O {[%clk 1:29:57]} 8... d5 {
[%clk 1:22:13]} 9. cxd5 {[%clk 1:23:57]} 9... exd5 {[%clk 1:18:28]} 10. d4 {
[%clk 1:17:48]} 10... cxd4 {[%clk 1:15:53]} 11. Nxd4 {[%clk 1:11:26]} 11... Be6
{[%clk 1:11:16]} 12. b3 {[%clk 0:58:34]} 12... Nxd4 {[%clk 1:06:56]} 13. exd4 {
[%clk 0:56:56]} 13... Rc8 {[%clk 1:06:29]} 14. Bb2 {[%clk 0:40:29]} 14... Qd7 {
[%clk 1:02:28]} 15. Qd2 {[%clk 0:32:26]} 15... Nf5 {[%clk 0:34:36]} 16. Ne2 {
[%clk 0:23:59]} 16... Bh6 {[%clk 0:32:10]} 17. f4 {[%clk 0:23:17]} 17... Rfe8 {
[%clk 0:27:58]} 18. Ba3 {[%clk 0:21:46]} 18... Ne3 {[%clk 0:25:24]} 19. Rfc1 {
[%clk 0:17:17]} 19... Nxg2 {[%clk 0:21:56]} 20. Kxg2 {[%clk 0:16:56]} 20... Bg4
{[%clk 0:18:34]} 21. Ng1 {[%clk 0:11:44]} 21... Bg7 {[%clk 0:13:22]} 22. Rxc8 {
[%clk 0:07:33]} 22... Qxc8 {[%clk 0:13:05]} 23. h3 {[%clk 0:07:04]} 23... Bf5 {
[%clk 0:12:49]} 24. g4 {[%clk 0:06:57]} 24... Be4+ {[%clk 0:12:45]} 25. Kf2 {
[%clk 0:07:15]} 25... h5 {[%clk 0:08:36]} 26. Rc1 {[%clk 0:05:43]} 26... Qe6 {
[%clk 0:06:32]} 27. g5 {[%clk 0:04:54]} 27... Qf5 {[%clk 0:06:37]} 28. Qe3 {
[%clk 0:03:58]} 28... Bxd4 {[%clk 0:06:18]} 0-1

[Event "DEM U18 2019"]
[Site "Willingen GER"]
[Date "2019.06.09"]
[Round "1"]
[White "Kuznecovs, Nikita"]
[Black "Rockmann, Jan-Okke"]
[Result "1-0"]
[Termination "normal"]
[Board "13"]
[WhiteTitle "FM"]
[WhiteElo "2317"]
[BlackElo "1816"]
[WhiteClock "00:01:04"]
[BlackClock "00:16:33"]
[PlyCount "75"]
[WhiteFideId "11604557"]
[BlackFideId "12942111"]
[EventCountry "GER"]
[EventRounds "9"]
[EventType "swiss"]
[EventDate "2019.06.08"]

1. e4 {[%clk 1:30:56]} 1... e5 {[%clk 1:30:55]} 2. Nf3 {[%clk 1:31:10]} 2...
Nc6 {[%clk 1:31:19]} 3. d4 {[%clk 1:31:15]} 3... exd4 {[%clk 1:31:39]} 4. Nxd4
{[%clk 1:31:37]} 4... Bb4+ {[%clk 1:31:59]} 5. c3 {[%clk 1:32:00]} 5... Bc5 {
[%clk 1:32:25]} 6. Nxc6 {[%clk 1:32:22]} 6... bxc6 {[%clk 1:32:28]} 7. Bd3 {
[%clk 1:32:46]} 7... d6 {[%clk 1:32:21]} 8. O-O {[%clk 1:32:53]} 8... Ne7 {
[%clk 1:31:57]} 9. Bg5 {[%clk 1:12:06]} 9... f6 {[%clk 1:28:28]} 10. Bh4 {
[%clk 1:10:37]} 10... Ng6 11. Bg3 {[%clk 0:58:50]} 11... O-O {[%clk 1:21:20]}
12. Nd2 {[%clk 0:56:39]} 12... Bb6 {[%clk 1:15:47]} 13. a4 {[%clk 0:48:26]}
13... f5 14. a5 {[%clk 0:43:37]} 14... f4 {[%clk 1:08:22]} 15. axb6 { [%clk
0:42:41]} 15... cxb6 {[%clk 1:06:44]} 16. Nc4 {[%clk 0:39:52]} 16... Be6 17.
Qh5 {[%clk 0:33:50]} 17... b5 {[%clk 1:02:01]} 18. Nd2 18... fxg3 { [%clk
1:00:03]} 19. hxg3 {[%clk 0:25:35]} 19... Ne5 {[%clk 0:58:58]} 20. Be2 { [%clk
0:25:21]} 20... Qb6 {[%clk 0:55:32]} 21. Qg5 Rf6 22. Nf3 {[%clk 0:13:24]} 22...
h6 {[%clk 0:51:45]} 23. Qd2 {[%clk 0:13:17]} 23... Nxf3+ 24. gxf3 24... a5
{[%clk 0:42:24]} 25. Qd4 {[%clk 0:05:40]} 25... c5 {[%clk 0:38:22]} 26. Qd2
{[%clk 0:05:15]} 26... a4 {[%clk 0:37:02]} 27. Rfc1 {[%clk 0:01:38]} 27... Ra7
{[%clk 0:35:06]} 28. f4 28... Rf8 {[%clk 0:29:39]} 29. Rd1 {[%clk 0:02:06]}
29... Rd8 {[%clk 0:28:33]} 30. Qe3 {[%clk 0:02:12]} 30... Bb3 {[%clk 0:26:39]}
31. Rd2 {[%clk 0:01:06]} 31... Re7 32. Bf3 32... Qc7 {[%clk 0:19:30]} 33. Bg2 {
[%clk 0:01:14]} 33... Rde8 {[%clk 0:18:42]} 34. Qd3 {[%clk 0:01:21]} 34... Re6
{[%clk 0:17:23]} 35. Qxb5 {[%clk 0:01:42]} 35... Rxe4 {[%clk 0:16:10]} 36. Bxe4
{[%clk 0:01:20]} 36... Rxe4 {[%clk 0:16:32]} 37. Qa6 {[%clk 0:01:21]} 37... Qe7
{[%clk 0:16:33]} 38. Qxd6 {[%clk 0:01:04]} 1-0